Name All Mission Impossible Movies - Statistics

General Stats
  • This quiz has been taken 10 times
  • The average score is 4 of 8
Answer Stats
Year Film % Correct
1996 Mission Impossible
100%
2000 Mission Impossible 2
90%
2015 Mission Impossible- Rogue Nation
60%
2018 Mission Impossible- Fallout
50%
2011 Mission Impossible- Ghost Protocol
50%
2023 Mission Impossible- Dead Reckoning
40%
2025 Mission Impossible-The Final Reckoning
30%
2006 Mission Impossible III
20%
No matching quizzes found
Score Distribution
Percent of People with Each Score
Percentile by Number Answered
Your Score History
You have not taken this quiz